| 000 | 01553nam a2200217 a 4500 | ||
|---|---|---|---|
| 001 | 1662737 | ||
| 003 | AM-YEHGA | ||
| 005 | 20260129154205.0 | ||
| 008 | 191021s1902 ru |||||||||||||0|||rus|d | ||
| 040 | _aAM-YeHGA | ||
| 041 | 0 | _arus | |
| 100 | 1 |
_aАндреев, Леонид Николаевич, _d1871-1919 |
|
| 245 | 1 | 0 |
_aРассказы / _cЛеонид Андреев. |
| 260 |
_aСанкт-Петербург : _bИзд. Знание, _c1902- |
||
| 300 |
_aтом _c21 см. |
||
| 505 | 1 | 0 |
_gТ. 1 (1902. [4], 268, [1] с. 2-е изд.) : _tБольшой шлем; Набат; Ангелочек; Молчание; Смех; Валя; Рассказ о Сергее Петровиче; На реке; Бездна; В подвале; Ложь; Петька на даче; У окна; Жили-были; Стена; В темную даль _gТ. 2 (1906. - [6], 303 с. 4-е изд.) : _tМысль; В тумане; Жизнь Василия Фивейского; Призраки; Красный смех _gТ. 3 (1908. - 294, [6] с. 4-е изд.) : _tМелкие рассказы Содерж.:Баргамот и Гараська; Защита; Из жизни шт.-кап. Каблукова; Молодежь; Первый гонорар; Друг; Мельком; Праздник; Прекрасна жизнь для воскресших; Гостинец [и др.] |
| 650 | 1 | 4 |
_aХудожественная литература _94918 |
| 650 | 1 | 4 | _aРусская литература |
| 942 |
_2udc _cBK |
||
| 090 | _c570461 | ||
| 999 |
_c531650 _d531650 |
||